มุมมองปกติ
มุมมองแบบ MARC
- เผ่าพงศ์ วีรวรมัน.
รายการ Personal Name
001 - CONTROL NUMBER
- control field: 66462
003 - CONTROL NUMBER IDENTIFIER
- control field: NALT
005 - DATE AND TIME OF LATEST TRANSACTION
- control field: 20250820112224.0
008 - FIXED-LENGTH DATA ELEMENTS
- fixed length control field: 250820|| aca||aabn | a|a d
040 ## - CATALOGING SOURCE
- Original cataloging agency: NALT
100 0# - HEADING--PERSONAL NAME
- Personal name: เผ่าพงศ์ วีรวรมัน.
